01756cam a2200409 i 4500001001200000003000600012005001700018008004100035035002300076040005500099045001700154046000900171100004300180245017300223246016100396250003400557260006400591300003700655336002700692337005400719338002800773380001600801380002300817388001400840490010200854504004900956648001901005650003301024650002001057651001601077651002401093651002801117658001301145658002801158710005001186800011001236xx005921407NUKAT20260422182217.0260421s1883 gw g |001 0 ger c a(NUKAT)xx005921407 aOLSZT 008/LLbpolerdacOLSZT 008/LLdOLSZT 008/LL2 bd1525bd1555 k18831 aJanssen, Johannesd(1829-1891).eAutor10aAllgemeine Zustände des deutschen Volkes :bseit dem Ausgang der socialen revolution bis zum sogenannten Augsburger Religionsfrieden von 1555 /cvon Johannes Janssen.13aDie politisch-kirchliche Revolution der Fürsten und Städte und ihre Folgen für Volk und Reich bis zum sogenannten Augsburger Religionsfrieden von 1555 aNeunte bis zwölfte Auflage. aFreiburg im Bresigau :bHerder'sche Verlagshandlung,c1883. aXXXIX, [1], 753 strony ;c23 cm. aTekstbtxt2rdacontent aBez urządzenia pośredniczącegobn2rdamedia aWoluminbnc2rdacarrier aKsiążki aPublikacje naukowe1 a1801-19001 aGeschichte des deutschen Volkes seit dem Ausgang des Mittelalters / von Johannes Janssen ;vBd. 3 aBibliografia na stronach XXV-XXXIX. Indeksy. 7a1501-16002DBN 7aEwangelicyzm augsburski2DBN 7aReformacja2DBN 7aNiemcy2DBN 7aNiemcyy16 w.2kaba 7aNiemcyxhistoria.2kaba aHistoria aReligia i duchowość2 aHerdersche Verlagsbuchhandlung.eWydawca4pbl1 aJanssen, Johannesd(1829-1891).tGeschichte des deutschen Volkes seit dem Ausgang des MittelaltersvBd. 3